书目信息 |
| 题名: |
山海经
|
|
| 作者: | 戴楠 , 魏雯 编 | |
| 分册: | ||
| 出版信息: | 北京 西苑出版社 2011.03 |
|
| 页数: | 213页 | |
| 开本: | 23cm | |
| 丛书名: | ||
| 单 册: | ||
| 中图分类: | K928.631 | |
| 科图分类: | ||
| 主题词: | 历史--Li Shi--地理--中国--古代 | |
| 电子资源: | ||
| ISBN: | 978-7-80210-890-5 | |
| 000 | 00688nam0 2200229 450 | |
| 001 | 012004000004 | |
| 005 | 20111224151326.78 | |
| 010 | @a978-7-80210-890-5@dCNY27.80 | |
| 100 | @a20110927d2011 em y0chiy0121 ea | |
| 101 | 0 | @achi |
| 102 | @aCN@b110000 | |
| 105 | @ay z 000yy | |
| 200 | 1 | @a山海经@AShan Hai Jing@f戴楠, 魏雯编 |
| 210 | @a北京@c西苑出版社@d2011.03 | |
| 215 | @a213页@d23cm | |
| 330 | @a本书是一部远古百科全书,记载了五百余座名山,三百余条河道,一百多个邦国等。 | |
| 606 | 0 | @a历史@ALi Shi@x地理@y中国@z古代 |
| 690 | @aK928.631@v5 | |
| 701 | 0 | @a戴楠@ADai Nan@4编 |
| 701 | 0 | @a魏雯@AWei Wen@4编 |
| 801 | 0 | @aCN@bHNDDDT@c20111224 |
| 905 | @aZUCC@dK928.631@eD125@f3 | |
| 山海经/戴楠, 魏雯编.-北京:西苑出版社,2011.03 |
| 213页;23cm |
| ISBN 978-7-80210-890-5:CNY27.80 |
| 本书是一部远古百科全书,记载了五百余座名山,三百余条河道,一百多个邦国等。 |
| ● |
| 相关链接 |
|
|
|
正题名:山海经
索取号:K928.631/D125
 
预约/预借
| 序号 | 登录号 | 条形码 | 馆藏地/架位号 | 状态 | 备注 |
| 1 | 1066852 | 210668525 | 社科库309/309社科库 17排1列2层/ [索取号:K928.631/D125] | 在馆 | |
| 2 | 1066853 | 210668534 | 社科库309/309社科库 17排1列2层/ [索取号:K928.631/D125] | 在馆 | |
| 3 | 1066854 | 210668543 | 社科库309/309社科库 17排1列2层/ [索取号:K928.631/D125] | 在馆 |